Вып. 35; Теоретическая электротехника

Dettagli Bibliografici
Parent link:Теоретическая электротехника: республиканский межведомственный научно-технический сборник/ Львовский государственный университет. Вып. 35.— , 1966-1991
Lingua:russo
Pubblicazione: 1983
Soggetti:
Natura: MixedMaterials Libro
KOHA link:https://koha.lib.tpu.ru/cgi-bin/koha/opac-detail.pl?biblionumber=292466

MARC

LEADER 00000nam2a2200000 4500
001 292466
005 20231102000510.0
020 |a RU  |b 84-1068ж 
035 |a (RuTPU)RU\TPU\book\317086 
090 |a 292466 
100 |a 20150422c1983 k y0rusy5003 ca 
101 0 |a rus 
102 |a UA 
105 |a a z 001zy 
200 0 |a Вып. 35 
210 |d 1983 
215 |a 170  |c ил. 
320 |a Библиография в конце статей 
461 1 |0 (RuTPU)RU\TPU\book\250807  |t Теоретическая электротехника  |o республиканский межведомственный научно-технический сборник  |f Львовский государственный университет  |v Вып. 35  |d 1966-1991 
606 |a Электротехника теоретическая  |2 stltpush  |3 (RuTPU)RU\TPU\subj\20909  |9 45970 
610 1 |a анализ 
610 1 |a погрешности измерения 
610 1 |a нелинейные цепи 
610 1 |a теория 
610 1 |a транзисторы 
610 1 |a резисторы 
610 1 |a вольт-амперные характеристики 
610 1 |a анализ 
610 1 |a машинные методы 
610 1 |a расчет 
610 1 |a теория поля 
675 |a 623.3.01  |v 3 
801 0 |a RU  |b RuMRKP  |c 19950704  |g psbo 
801 1 |a RU  |b 63413507  |c 20150422 
801 2 |a RU  |b 63413507  |c 20181220  |g RCR 
942 |c BK